000 00481nam a2200169Ia 4500
003 GCL
008 140319s9999 xx 000 0 eng d
040 _aGCL /
_cGCL
082 0 4 _a320.91724
_bM R
100 1 _aMANOR, JAMES
245 1 0 _aRETHINKING THIRD WORLD POLITICS /
_cMANOR, JAMES
260 _a[S.N] :
_bLONGMAN GROUP UK LIMITED ،
_c1991
300 _a283 P
650 0 4 _aDEVELOPING COUNTRIES - POLITICS
650 0 4 _aDEVELOPING COUNTRIES - GOVERNMET
942 _2ddc
_cBK
999 _c14421
_d14421